00456nam a22001692 4500001001100000005001700011008004100028020001700069040001500086100003000101245005300131250001300184260003400197300001600231650003600247852000300283000002494020151217154513.0140401s xx 000 0 eng d a8121916437 : aKABUcKABU1 aKhurmi, R. S.@000018526312aA Textbook of applied mechanics /cR. S. Khurmi. a1st ed. aNew Delhi :bS. Chand,c1977. aiv, 346 p. 0aMechanics, Applied.@00001561311